Statistics for The original 6 avengers (MCU)

Click here to take the quiz!

General Stats

  • This quiz has been taken 94 times
  • The average score is 6 of 6

Answer Stats

Answer% Correct
Iron man
96%
Thor
95%
Black widow
92%
Hulk
92%
Captain America
90%
Hawkeye
86%

Score Distribution

Percentile by Number Answered

Percent of People with Each Score

Your Score History

You have not taken this quiz